NHL Player Nicknames - Statistics

General Stats
  • This quiz has been taken 863 times
  • The average score is 6 of 20
Answer Stats
Hint Answer % Correct
Wayne Gretzky Great One
85%
Maurice Richard Rocket
85%
Gordie Howe Mr Hockey
69%
Sidney Crosby Sid The Kid
66%
Dominik Hasek Dominator
52%
Teemu Selanne Finnish Flash
43%
Pavel Bure Russian Rocket
39%
Mario Lemieux Super Mario
38%
Joe Thornton Jumbo Joe
37%
Steven Stamkos Stammer
35%
Nikolai Khabibulin Bulin Wall
20%
Bobby Hull Golden Jet
20%
Jaromir Jagr Mario Jr
8%
Steve Yzerman Stevie Wonder
8%
Greg/Ryan Malone Bugsy
5%
Nicklas Lidstrom Perfect Human
4%
Ron Francis Ronnie Franchise
4%
Glenn Hall Mr Goalie
3%
Joe Sakic Super Joe
3%
Martin Brodeur Satans Wallpaper
2%
No matching quizzes found
Score Distribution
Percent of People with Each Score
Percentile by Number Answered
Your Score History
You have not taken this quiz